[Event "Florianopolis op 4th"]
[Site "Florianopolis"]
[Date "2018.01.24"]
[Round "9"]
[White "Moyses Sobrinho, Elias"]
[Black "Torres, Douglas da Silva"]
[Result "1-0"]
[WhiteElo "1901"]
[BlackElo "2166"]
[PlyCount "46"]
[EventDate "2018.01.19"]
[EventType "swiss"]
[EventRounds "10"]
[EventCountry "BRA"]
[SourceTitle "EXT 2019"]
[Source "ChessBase"]
[SourceDate "2018.10.10"]
[SourceVersion "1"]
[SourceVersionDate "2018.10.10"]
[SourceQuality "1"]

1. d4 g6 2. c4 d6 3. e4 Bg7 4. Nc3 Nf6 5. Nf3 c5 6. dxc5 Qa5 7. Bd2 Qxc5 8. Be2 0-0 9. 0-0 Nc6 10. h3 Be6 11. Na4 Qh5 12. Ng5 Qh4 13. g3 Qh6 14. Nxe6 Qxh3 15. Nxf8 Ne5 16. Re1 Rxf8 17. Nc3 Nfg4 18. Bxg4 Nxg4 19. Qf3 Qh2+ 20. Kf1 Qh5 21. Ke2 Bxc3 22. Bxc3 f5 23. Rh1 Qg5 1-0

[Event "Florianopolis op 4th"]
[Site "Florianopolis"]
[Date "2018.01.24"]
[Round "8"]
[White "Torres, Douglas da Silva"]
[Black "Manzi, Luiz Antonio Bardao"]
[Result "0-1"]
[WhiteElo "2166"]
[BlackElo "1978"]
[PlyCount "74"]
[EventDate "2018.01.19"]
[EventType "swiss"]
[EventRounds "10"]
[EventCountry "BRA"]
[SourceTitle "EXT 2019"]
[Source "ChessBase"]
[SourceDate "2018.10.10"]
[SourceVersion "1"]
[SourceVersionDate "2018.10.10"]
[SourceQuality "1"]

1. g3 Nf6 2. Bg2 g6 3. Nf3 Bg7 4. 0-0 0-0 5. d3 d6 6. c4 c5 7. Nc3 Nc6 8. Rb1 Rb8 9. a3 a5 10. Ne1 Bd7 11. Nc2 Qc8 12. Re1 Bh3 13. Bh1 h5 14. Bg5 Nh7 15. Bd2 h4 16. Nd5 hxg3 17. hxg3 Nf6 18. Nf4 Bd7 19. Nd5 b5 20. cxb5 Nxd5 21. Bxd5 Rxb5 22. Bc3 Be6 23. Ne3 Bd4 24. Bc4 Rb8 25. Nd5 Bxd5 26. Bxd5 Qf5 27. Bf3 Ne5 28. Bxd4 cxd4 29. Be4 Qh3 30. Qa4 Ng4 31. Bg2 Qh2+ 32. Kf1 e5 33. Qxa5 Rbe8 34. Qd5 Re6 35. Qf3 Qh5 36. Qd5 Rf6 37. Bf3 Qh3+ 0-1

[Event "Florianopolis op 4th"]
[Site "Florianopolis"]
[Date "2018.01.23"]
[Round "7"]
[White "Kjartansson, Gudmundur"]
[Black "Torres, Douglas da Silva"]
[Result "1-0"]
[WhiteElo "2438"]
[BlackElo "2166"]
[PlyCount "44"]
[EventDate "2018.01.19"]
[EventType "swiss"]
[EventRounds "10"]
[EventCountry "BRA"]
[SourceTitle "EXT 2019"]
[Source "ChessBase"]
[SourceDate "2018.10.10"]
[SourceVersion "1"]
[SourceVersionDate "2018.10.10"]
[SourceQuality "1"]

1. e4 g6 2. d4 d6 3. Be3 Bg7 4. Nc3 a6 5. h4 Nf6 6. f3 b5 7. g4 h5 8. e5 Nfd7 9. e6 fxe6 10. gxh5 Nf6 11. hxg6 d5 12. Qd2 c5 13. dxc5 e5 14. f4 b4 15. Na4 Ne4 16. Qxb4 exf4 17. Bxf4 e5 18. 0-0-0 exf4 19. Nb6 0-0 20. Rxd5 Qe7 21. Nxc8 Rxc8 22. Bc4 Kh8 1-0

[Event "Florianopolis op 4th"]
[Site "Florianopolis"]
[Date "2018.01.22"]
[Round "5"]
[White "Ribeiro, Regina"]
[Black "Torres, Douglas da Silva"]
[Result "0-1"]
[WhiteElo "1960"]
[BlackElo "2166"]
[PlyCount "92"]
[EventDate "2018.01.19"]
[EventType "swiss"]
[EventRounds "10"]
[EventCountry "BRA"]
[SourceTitle "EXT 2019"]
[Source "ChessBase"]
[SourceDate "2018.10.10"]
[SourceVersion "1"]
[SourceVersionDate "2018.10.10"]
[SourceQuality "1"]

1. Nf3 g6 2. g3 d6 3. d4 Bg7 4. Bg2 Nf6 5. 0-0 0-0 6. c4 c6 7. Nc3 a6 8. a4 Nbd7 9. Qc2 e5 10. dxe5 dxe5 11. Rd1 Qe7 12. e4 Nc5 13. b4 Ne6 14. Nxe5 Nd4 15. Nxg6 fxg6 16. Rxd4 Ng4 17. Rd2 Nxf2 18. Rxf2 Bd4 19. Bf4 g5 20. Rd1 Bxf2+ 21. Qxf2 gxf4 22. gxf4 Be6 23. c5 Rad8 24. Qg3+ Kh8 25. f5 Bc4 26. Rd6 Rg8 27. Rxd8 Rxd8 28. Qf4 Qg7 29. f6 Qg6 30. e5 Be6 31. Ne4 Rd4 32. Qg5 Rxb4 33. Qxg6 hxg6 34. Ng5 Bd5 35. Bxd5 Rg4+ 36. Bg2 Rxg5 37. e6 Kg8 38. h4 Rf5 39. e7 Kf7 40. Bh3 Rxf6 41. Bc8 Kxe7 42. Bxb7 a5 43. Kg2 Kd7 44. Ba6 Rf4 45. Bd3 Rxa4 46. Bxg6 Rxh4 0-1

[Event "Florianopolis op 4th"]
[Site "Florianopolis"]
[Date "2018.01.22"]
[Round "6"]
[White "Torres, Douglas da Silva"]
[Black "Moraes Silva, Carlos Alessandro"]
[Result "1-0"]
[WhiteElo "2166"]
[BlackElo "1896"]
[PlyCount "121"]
[EventDate "2018.01.19"]
[EventType "swiss"]
[EventRounds "10"]
[EventCountry "BRA"]
[SourceTitle "EXT 2019"]
[Source "ChessBase"]
[SourceDate "2018.10.10"]
[SourceVersion "1"]
[SourceVersionDate "2018.10.10"]
[SourceQuality "1"]

1. g3 d5 2. Bg2 Nf6 3. Nf3 g6 4. 0-0 Bg7 5. d3 0-0 6. c3 Re8 7. b4 a5 8. b5 c6 9. a4 Bd7 10. Na3 Qc8 11. Qb3 e5 12. e4 dxe4 13. Ng5 exd3 14. Qxf7+ Kh8 15. Nc4 Be6 16. Nxe6 Qxe6 17. Qxb7 Qxc4 18. Qxa8 e4 19. Bf4 Nfd7 20. Qxa5 Nc5 21. Bxb8 Nb3 22. Qa7 Nxa1 23. Rxa1 Bxc3 24. Rf1 cxb5 25. axb5 d2 26. Qc7 Qd3 27. Qd6 Qxb5 28. Ba7 Kg8 29. Be3 Qa5 30. Bh3 Rd8 31. Qe6+ Kh8 32. Bg4 Qb4 33. Bg5 Rg8 34. Bd1 Qd4 35. Bc2 Rf8 36. Be3 Qb4 37. Qxe4 Qb2 38. Bd1 Rd8 39. Bf3 Rf8 40. Bf4 Rd8 41. Rb1 Qa2 42. Be5+ Bxe5 43. Qxe5+ Kg8 44. Rd1 Qb3 45. Qe3 Rd3 46. Qe8+ Kg7 47. Qe5+ Kg8 48. Bg4 Kf8 49. Qf6+ Ke8 50. Qh8+ Kf7 51. Qxh7+ Kf6 52. Qh8+ Kf7 53. Qe5 Qb6 54. Qf4+ Kg7 55. Qe5+ Kh7 56. Qe7+ Kh8 57. Qf8+ Kh7 58. Qf7+ Kh8 59. Be6 Qd8 60. Qxg6 Rxg3+ 61. hxg3 1-0

[Event "Florianopolis op 4th"]
[Site "Florianopolis"]
[Date "2018.01.20"]
[Round "3"]
[White "Nascimento, Pedro Henrique Alve"]
[Black "Torres, Douglas da Silva"]
[Result "1/2-1/2"]
[WhiteElo "1985"]
[BlackElo "2166"]
[PlyCount "81"]
[EventDate "2018.01.19"]
[EventType "swiss"]
[EventRounds "10"]
[EventCountry "BRA"]
[SourceTitle "EXT 2019"]
[Source "ChessBase"]
[SourceDate "2018.10.10"]
[SourceVersion "1"]
[SourceVersionDate "2018.10.10"]
[SourceQuality "1"]

1. c4 g6 2. g3 Bg7 3. Bg2 c5 4. Nc3 Nc6 5. e4 Nf6 6. Nge2 0-0 7. 0-0 d6 8. d3 a6 9. h3 Nd7 10. Be3 Nd4 11. Qd2 Ne5 12. f4 Nec6 13. g4 Rb8 14. Rad1 b5 15. f5 bxc4 16. dxc4 Nxe2+ 17. Qxe2 Nd4 18. Qd2 Re8 19. fxg6 hxg6 20. Bh6 Rxb2 21. Qxb2 Bxh6 22. Qf2 Be6 23. Nd5 Bg7 24. Kh1 Nc6 25. Rb1 Ne5 26. Qc2 Qa5 27. Rb7 Bxd5 28. exd5 Bf6 29. Rfb1 Kg7 30. Qc1 g5 31. Qc2 Rh8 32. Kg1 Ng6 33. R7b3 Bd4+ 34. Kh1 Nf4 35. Rf1 Be5 36. Rbf3 f6 37. Rb3 Ng6 38. Be4 Nf4 39. Bg2 Ng6 40. Be4 Nf4 41. Bg2 1/2-1/2

[Event "Joao Pessoa Fischer Memorial 8th"]
[Site "Joao Pessoa"]
[Date "2017.03.18"]
[Round "3"]
[White "Gomes, Genildo de Souza"]
[Black "Torres, Douglas da Silva"]
[Result "0-1"]
[WhiteElo "1590"]
[BlackElo "2162"]
[PlyCount "86"]
[EventDate "2017.03.17"]
[EventType "swiss"]
[EventRounds "6"]
[EventCountry "BRA"]
[SourceTitle "CBM 177 Extra"]
[Source "ChessBase"]
[SourceDate "2017.04.27"]
[SourceVersion "1"]
[SourceVersionDate "2017.04.27"]
[SourceQuality "1"]

1. d4 g6 2. Nf3 Bg7 3. Bf4 c5 4. e3 Nf6 5. Bc4 0-0 6. Nc3 cxd4 7. Nxd4 d5 8. Be2 Nc6 9. Nf3 Ne4 10. 0-0 Nxc3 11. bxc3 Bxc3 12. Bh6 Re8 13. Rb1 Bf6 14. Qd2 Qc7 15. Rfd1 Rd8 16. Ng5 Bf5 17. g4 Bc8 18. f4 e5 19. Rf1 d4 20. Bc4 dxe3 21. Qxe3 exf4 22. Rxf4 Bd4 23. Rxd4 Nxd4 24. Bxf7+ Kh8 25. Re1 Bxg4 26. Be8 Ne2+ 27. Rxe2 Bxe2 28. Nf7+ Kg8 29. Nxd8 Bc4 30. Qf2 Qb6 31. Bg5 Rxd8 32. Qxb6 Rd1+ 33. Kf2 axb6 34. a4 Kf8 35. Bb5 Bxb5 36. axb5 Rd5 37. Be3 Rxb5 38. c3 Kf7 39. h4 Ke6 40. Kg3 Kf5 41. Kf3 Rb3 42. Ke2 Rxc3 43. Bxb6 Rh3 0-1

[Event "Joao Pessoa Fischer Memorial 7th"]
[Site "Joao Pessoa"]
[Date "2016.03.13"]
[Round "5"]
[White "Torres, Douglas da Silva"]
[Black "Macedo, Maximo Iack Miranda"]
[Result "0-1"]
[WhiteElo "2147"]
[BlackElo "2312"]
[PlyCount "132"]
[EventDate "2016.03.11"]
[EventType "swiss"]
[EventRounds "6"]
[EventCountry "BRA"]
[SourceTitle "CBM 171 Extra"]
[Source "ChessBase"]
[SourceDate "2016.04.26"]
[SourceVersion "1"]
[SourceVersionDate "2016.04.26"]
[SourceQuality "1"]

1. c4 c5 2. Nc3 Nf6 3. g3 d5 4. cxd5 Nxd5 5. Bg2 Nc7 6. Nf3 Nc6 7. 0-0 e5 8. d3 Be7 9. Nd2 0-0 10. Nc4 f6 11. f4 exf4 12. Bxf4 Ne6 13. Be3 Ned4 14. Bf2 Bg4 15. Ne3 Be6 16. Ned5 Bd6 17. e3 Nf5 18. d4 Rc8 19. Rc1 cxd4 20. exd4 Nfxd4 21. Kh1 Be5 22. Qd2 Bg4 23. Be3 Qd7 24. Ne4 b6 25. Nf2 Be6 26. Nf4 Bxf4 27. Bxf4 Bd5 28. Ne4 Rce8 29. Rce1 Re6 30. Nc3 Bxg2+ 31. Kxg2 Rfe8 32. Rxe6 Qxe6 33. Kf2 b5 34. a3 a6 35. Be3 Nf5 36. Bb6 Ne5 37. Qd5 Ng4+ 38. Kg1 Nge3 39. Bxe3 Nxe3 40. Qxe6+ Rxe6 41. Re1 Kf7 42. Re2 f5 43. h3 g5 44. Kf2 Nc4 45. Rc2 Rd6 46. a4 bxa4 47. Nxa4 Ne5 48. Rc7+ Kg6 49. Ra7 Rd2+ 50. Ke1 Rg2 51. Rxa6+ Kh5 52. Ra5 Nd3+ 53. Kf1 Rxg3 54. Rxf5 Rxh3 55. Ke2 Kg4 56. Rf1 h5 57. Rg1+ Kf5 58. Rf1+ Nf4+ 59. Kf2 g4 60. b4 g3+ 61. Kg1 g2 62. Rxf4+ Kxf4 63. Kxg2 Rb3 64. Nc5 Rb2+ 65. Kh3 Ke3 66. Kh4 Rxb4+ 0-1

[Event "Florianopolis op 2nd"]
[Site "Florianopolis"]
[Date "2016.01.16"]
[Round "1"]
[White "Torres, Douglas da Silva"]
[Black "Volkmann, Andre Jordi"]
[Result "1-0"]
[WhiteElo "2133"]
[BlackElo "1670"]
[PlyCount "63"]
[EventDate "2016.01.16"]
[EventType "swiss"]
[EventRounds "10"]
[EventCountry "BRA"]
[SourceTitle "CBM 170 Extra"]
[Source "ChessBase"]
[SourceDate "2016.02.25"]
[SourceVersion "1"]
[SourceVersionDate "2016.02.25"]
[SourceQuality "1"]

1. c4 e5 2. Nc3 d6 3. g3 Nc6 4. Bg2 Nf6 5. Nf3 Be7 6. 0-0 Bf5 7. d3 0-0 8. Rb1 Qd7 9. Re1 Rfe8 10. b4 Rab8 11. b5 Nd4 12. Be3 Nxf3+ 13. Bxf3 a6 14. a4 c6 15. Qb3 Bf8 16. bxc6 bxc6 17. Qxb8 Rxb8 18. Rxb8 h6 19. Reb1 Qc7 20. R8b6 Bd7 21. Rxa6 Kh7 22. Ra7 Qd8 23. a5 Qe8 24. a6 Bc8 25. Rb8 Qe6 26. Raa8 Bxa6 27. Rxa6 Nd7 28. Rb7 Nf6 29. Rxc6 Be7 30. Rcc7 Ne8 31. Nd5 Bf6 32. Rxf7 1-0

[Event "Paraiban-ch op"]
[Site "Cabo Branco"]
[Date "2015.06.04"]
[Round "2"]
[White "Torres, Douglas da Silva"]
[Black "Baltar, Petrov Ferreira"]
[Result "1-0"]
[WhiteElo "2133"]
[BlackElo "1781"]
[PlyCount "51"]
[EventDate "2015.06.04"]
[EventType "swiss"]
[EventRounds "5"]
[EventCountry "BRA"]
[SourceTitle "CBM 167 Extra"]
[Source "ChessBase"]
[SourceDate "2015.09.14"]
[SourceVersion "1"]
[SourceVersionDate "2015.09.14"]
[SourceQuality "1"]

1. c4 Nf6 2. Nc3 g6 3. g3 d5 4. cxd5 Nxd5 5. Bg2 c6 6. Nf3 Bg7 7. 0-0 Nd7 8. d4 0-0 9. e4 Nxc3 10. bxc3 e5 11. Be3 Qa5 12. Qb3 c5 13. d5 Qc7 14. Nd2 a6 15. a4 Rb8 16. a5 b5 17. axb6 Rxb6 18. Qa2 Rb5 19. Rfb1 Bb7 20. Bf1 Rxb1 21. Rxb1 Ra8 22. Nc4 a5 23. Bh3 Nf6 24. f3 Ne8 25. d6 Qc6 26. Rb6 1-0

[Event "Joao Pessoa-ch"]
[Site "Joao Pessoa"]
[Date "2014.08.02"]
[Round "3"]
[White "Torres, Douglas da Silva"]
[Black "Barros, Rebeca Lopes de Sou"]
[Result "1-0"]
[WhiteElo "2135"]
[BlackElo "1828"]
[PlyCount "87"]
[EventDate "2014.08.01"]
[EventType "swiss"]
[EventRounds "6"]
[EventCountry "BRA"]
[SourceTitle "CBM 161 Extra"]
[Source "ChessBase"]
[SourceDate "2014.08.29"]
[SourceVersion "1"]
[SourceVersionDate "2014.08.29"]
[SourceQuality "1"]

1. c4 g6 2. Nc3 Bg7 3. g3 d6 4. Bg2 Nf6 5. Nf3 0-0 6. 0-0 Re8 7. Rb1 Nbd7 8. b4 c5 9. d3 Rb8 10. bxc5 dxc5 11. Qa4 a6 12. Bf4 e5 13. Bg5 Qc7 14. Nd2 b6 15. Nde4 Nxe4 16. Bxe4 f6 17. Bd2 Bb7 18. Bxb7 Qxb7 19. Ne4 Re6 20. Be3 f5 21. Nxc5 Nxc5 22. Bxc5 Qc6 23. Qxc6 Rxc6 24. Be3 b5 25. cxb5 axb5 26. Rfc1 Rxc1+ 27. Rxc1 Ra8 28. Rc2 Ra4 29. Rc8+ Kf7 30. Rc7+ Kf6 31. f4 exf4 32. gxf4 Bh6 33. Rxh7 Bxf4 34. Bxf4 Rxf4 35. Rb7 Ra4 36. Rxb5 Rxa2 37. Kf2 g5 38. h3 Ra7 39. Rb6+ Ke5 40. Rg6 Rh7 41. Rxg5 Rxh3 42. Kg2 Re3 43. Kf2 Kf4 44. Rxf5+ 1-0

[Event "Joao Pessoa-ch"]
[Site "Joao Pessoa"]
[Date "2014.08.01"]
[Round "1"]
[White "Caio, Francisco Ferreira"]
[Black "Torres, Douglas da Silva"]
[Result "0-1"]
[WhiteElo "1702"]
[BlackElo "2135"]
[PlyCount "74"]
[EventDate "2014.08.01"]
[EventType "swiss"]
[EventRounds "6"]
[EventCountry "BRA"]
[SourceTitle "CBM 161 Extra"]
[Source "ChessBase"]
[SourceDate "2014.08.29"]
[SourceVersion "1"]
[SourceVersionDate "2014.08.29"]
[SourceQuality "1"]

1. e4 Nf6 2. Nc3 d6 3. d4 c6 4. Be2 b5 5. Bg5 b4 6. Bxf6 bxc3 7. Bh4 cxb2 8. Rb1 Qa5+ 9. c3 g5 10. Bg3 Bg7 11. Qd2 Qxa2 12. Qxb2 Qxb2 13. Rxb2 Nd7 14. f3 0-0 15. h4 c5 16. Bf2 cxd4 17. Bxd4 gxh4 18. Rxh4 Ne5 19. Rh2 a5 20. f4 Ng6 21. g3 e5 22. fxe5 Nxe5 23. Nf3 a4 24. Nxe5 Bxe5 25. Bxe5 dxe5 26. Bc4 a3 27. Rbf2 Ra4 28. Bd5 Be6 29. Bxe6 fxe6 30. Rxf8+ Kxf8 31. Ra2 Rxe4+ 32. Kf2 Ra4 33. Ke3 Ke7 34. Kd3 Kd6 35. Kc2 Kc5 36. Kb3 Ra7 37. Re2 a2 0-1

[Event "Joao Pessoa op 5th"]
[Site "Joao Pessoa"]
[Date "2014.03.16"]
[Round "5"]
[White "Pinto, Carlos Henrique Lop"]
[Black "Torres, Douglas da Silva"]
[Result "1/2-1/2"]
[WhiteElo "2064"]
[BlackElo "2114"]
[PlyCount "100"]
[EventDate "2014.03.14"]
[EventType "swiss"]
[EventRounds "6"]
[EventCountry "BRA"]
[SourceTitle "CBM 159 Extra"]
[Source "ChessBase"]
[SourceDate "2014.04.24"]
[SourceVersion "1"]
[SourceVersionDate "2014.04.24"]
[SourceQuality "1"]

1. d4 Nf6 2. Nf3 b5 3. g3 Bb7 4. Bg2 e6 5. 0-0 c5 6. a4 a6 7. c3 d5 8. Bf4 Nbd7 9. axb5 axb5 10. Rxa8 Qxa8 11. Nbd2 Be7 12. dxc5 Bxc5 13. Nb3 Be7 14. Qd3 Qa4 15. Nfd2 Nc5 16. Qc2 Nxb3 17. Nxb3 Qc4 18. Ra1 Ng4 19. Ra7 Qc6 20. Ra1 0-0 21. h3 e5 22. hxg4 exf4 23. gxf4 Rc8 24. Nd4 Qc4 25. Qd3 Ra8 26. Rxa8+ Bxa8 27. b4 Bb7 28. Qxc4 bxc4 29. e3 Kf8 30. Bf1 Ke8 31. Kg2 Kd7 32. Kf3 Bc6 33. g5 Ba4 34. Bh3+ Kc7 35. e4 Bc6 36. exd5 Bxd5+ 37. Ke3 g6 38. Bg4 f5 39. Bd1 Bf8 40. Nb5+ Kc6 41. Ba4 Kb6 42. Na3 Bg7 43. Kd2 h5 44. gxh6 Bxh6 45. Ke3 Bg7 46. Kd2 Bh6 47. Ke3 Bg7 48. Bb5 Bxc3 49. Bxc4 Bxb4 50. Bxd5 Bxa3 1/2-1/2

[Event "Joao Pessoa op 5th"]
[Site "Joao Pessoa"]
[Date "2014.03.15"]
[Round "3"]
[White "Cavalcanti, Francisco de Assis"]
[Black "Torres, Douglas da Silva"]
[Result "1/2-1/2"]
[WhiteElo "2255"]
[BlackElo "2114"]
[PlyCount "42"]
[EventDate "2014.03.14"]
[EventType "swiss"]
[EventRounds "6"]
[EventCountry "BRA"]
[SourceTitle "CBM 159 Extra"]
[Source "ChessBase"]
[SourceDate "2014.04.24"]
[SourceVersion "1"]
[SourceVersionDate "2014.04.24"]
[SourceQuality "1"]

1. d4 Nf6 2. c4 e6 3. Nc3 Bb4 4. Nf3 c5 5. g3 Ne4 6. Qd3 f5 7. Bg2 0-0 8. 0-0 Bxc3 9. bxc3 Qa5 10. Bd2 d6 11. Rfc1 Nd7 12. Bf4 Ndf6 13. Nd2 cxd4 14. Nb3 Qc7 15. cxd4 e5 16. Be3 Ng4 17. f3 Nxe3 18. Qxe3 Nf6 19. c5 Re8 20. cxd6 Qxd6 21. Rc5 e4 1/2-1/2

[Event "Joao Pessoa op 5th"]
[Site "Joao Pessoa"]
[Date "2014.03.14"]
[Round "2"]
[White "Torres, Douglas da Silva"]
[Black "Cilento, Lucas Geraldo"]
[Result "1-0"]
[WhiteElo "2114"]
[BlackElo "1847"]
[PlyCount "75"]
[EventDate "2014.03.14"]
[EventType "swiss"]
[EventRounds "6"]
[EventCountry "BRA"]
[SourceTitle "CBM 159 Extra"]
[Source "ChessBase"]
[SourceDate "2014.04.24"]
[SourceVersion "1"]
[SourceVersionDate "2014.04.24"]
[SourceQuality "1"]

1. c4 e6 2. Nf3 d5 3. g3 c6 4. Bg2 Bd6 5. Qc2 f5 6. 0-0 Nf6 7. d3 Nbd7 8. Nd4 Qe7 9. cxd5 cxd5 10. Nb5 0-0 11. Nxd6 Qxd6 12. b3 b5 13. Nc3 Ba6 14. a4 b4 15. Nb5 Bxb5 16. axb5 Rac8 17. Qa2 Rc7 18. Bd2 Rfc8 19. Qa5 Rb7 20. Rfc1 Rxc1+ 21. Rxc1 Qb8 22. Qa6 Rb6 23. Rc8+ Kf7 24. Rxb8 Rxa6 25. Rf8+ Kxf8 26. Bxb4+ Ke8 27. bxa6 Nb8 28. Bc5 Nxa6 29. Bxa7 Nd7 30. e4 dxe4 31. dxe4 Ndc5 32. exf5 Nxb3 33. fxe6 Nbc5 34. Bf1 Ke7 35. Bc4 Kd6 36. f4 Nc7 37. Bb8 N5a6 38. Bxa6 1-0

[Event "Joao Pessoa op 08"]
[Site "Joao Pessoa"]
[Date "2013.08.03"]
[Round "4"]
[White "Torres, Douglas da Silva"]
[Black "Da Silva Tomaz, Luiz Antonio"]
[Result "1-0"]
[WhiteElo "2109"]
[BlackElo "1903"]
[PlyCount "46"]
[EventDate "2013.08.02"]
[EventType "swiss"]
[EventRounds "6"]
[EventCountry "BRA"]
[SourceTitle "CBM 155 Extra"]
[Source "ChessBase"]
[SourceDate "2013.08.26"]
[SourceVersion "1"]
[SourceVersionDate "2013.08.26"]
[SourceQuality "1"]

1. c4 e5 2. Nc3 Nf6 3. g3 d5 4. cxd5 Nxd5 5. Bg2 Ne7 6. Nf3 Nf5 7. Nxe5 Bc5 8. Qa4+ c6 9. Qc4 Qe7 10. Nd3 Bb6 11. Nd5 Qe6 12. Nxb6 axb6 13. Qc3 0-0 14. Nf4 Qe7 15. 0-0 Be6 16. b3 c5 17. Bb2 b5 18. Nxe6 fxe6 19. e3 Na6 20. a3 Rad8 21. Rad1 Rd6 22. Qe5 Rfd8 23. d4 Qf6 1-0

[Event "Vitoria Cup"]
[Site "Vitoria"]
[Date "2013.06.01"]
[Round "6"]
[White "Torres, Douglas da Silva"]
[Black "Rego, Vinicius Vilela"]
[Result "0-1"]
[WhiteElo "2106"]
[BlackElo "2291"]
[PlyCount "78"]
[EventDate "2013.05.30"]
[EventType "swiss"]
[EventRounds "7"]
[EventCountry "BRA"]
[SourceTitle "CBM 154 Extra"]
[Source "ChessBase"]
[SourceDate "2013.06.25"]
[SourceVersion "2"]
[SourceVersionDate "2013.06.25"]
[SourceQuality "1"]

1. g3 c5 2. Bg2 Nc6 3. Nf3 g6 4. 0-0 Bg7 5. c3 d5 6. d3 e5 7. Nbd2 Nge7 8. c4 0-0 9. cxd5 Nxd5 10. Ne4 b6 11. Bd2 h6 12. Nc3 Be6 13. Nxd5 Bxd5 14. Bc3 Rc8 15. Rc1 Qd7 16. a3 Nd4 17. Nxd4 cxd4 18. Bd2 Rxc1 19. Qxc1 Rc8 20. Qb1 Bxg2 21. Kxg2 Qc6+ 22. Kg1 Qc2 23. Qc1 Rc5 24. b4 Qxc1 25. Rxc1 Rxc1+ 26. Bxc1 b5 27. h4 h5 28. f3 Kf8 29. g4 Ke7 30. Kg2 Ke6 31. Kg3 Bf8 32. Bd2 Be7 33. g5 Kf5 34. e4+ dxe3 35. Bxe3 a6 36. d4 exd4 37. Bxd4 Bd6+ 38. Kf2 Bf4 39. Bb2 Ke6 0-1

[Event "Serra Talhada op"]
[Site "Serra Talhada"]
[Date "2012.11.17"]
[Round "6"]
[White "Torres, Douglas da Silva"]
[Black "Lemos, Dawton Almino"]
[Result "1-0"]
[WhiteElo "2101"]
[BlackElo "1968"]
[PlyCount "39"]
[EventDate "2012.11.15"]
[EventType "swiss"]
[EventRounds "7"]
[EventCountry "BRA"]
[SourceTitle "CBM 151 Extra"]
[Source "ChessBase"]
[SourceDate "2012.12.18"]
[SourceVersion "1"]
[SourceVersionDate "2012.12.18"]
[SourceQuality "1"]

1. c4 Nf6 2. Nc3 g6 3. e4 d6 4. d4 Bg7 5. f3 0-0 6. Bg5 c5 7. Nge2 Qa5 8. d5 Na6 9. Qd2 Nc7 10. Nc1 a6 11. Nb3 Qb6 12. Be2 Bd7 13. 0-0 Qa7 14. a4 a5 15. Kh1 Na6 16. Nxa5 Qb6 17. Nb5 Nb4 18. Nb3 Bxb5 19. cxb5 Rfc8 20. Be3 1-0

[Event "Joao Pessoa op 3rd"]
[Site "Joao Pessoa"]
[Date "2012.03.10"]
[Round "3"]
[White "Torres, Douglas da Silva"]
[Black "Bouwman, Marcelo Wanderley"]
[Result "1/2-1/2"]
[WhiteElo "2101"]
[BlackElo "2222"]
[PlyCount "82"]
[EventDate "2012.03.09"]
[EventType "swiss"]
[EventRounds "6"]
[EventCountry "BRA"]
[SourceTitle "CBM 147 Extra"]
[Source "ChessBase"]
[SourceDate "2012.04.24"]
[SourceVersion "1"]
[SourceVersionDate "2012.04.24"]
[SourceQuality "1"]

1. c4 Nf6 2. Nc3 g6 3. g3 Bg7 4. Bg2 0-0 5. Nf3 d6 6. 0-0 Nc6 7. Rb1 a5 8. a3 e5 9. d3 Nh5 10. b4 axb4 11. axb4 h6 12. e3 f5 13. Qb3 Kh7 14. b5 Ne7 15. Ba3 f4 16. c5 fxe3 17. fxe3 d5 18. c6 bxc6 19. d4 Bf5 20. Rbd1 cxb5 21. Nxe5 Bc2 22. Qxc2 Rxa3 23. Rxf8 Qxf8 24. Nxd5 Bxe5 25. dxe5 Nxd5 26. Bxd5 Rxe3 27. Qxc7+ Ng7 28. Rf1 Qa3 29. Qf7 Rxg3+ 30. hxg3 Qxg3+ 31. Bg2 Qxe5 32. Qa7 h5 33. Rf7 Kh6 34. Qe7 Qd4+ 35. Kh2 b4 36. Be4 b3 37. Rf8 Nf5 38. Bxf5 Qf2+ 39. Kh1 Qf1+ 40. Kh2 Qf2+ 41. Kh1 Qf1+ 1/2-1/2

[Event "Joao Pessoa de Assis Memorial 2nd"]
[Site "Joao Pessoa"]
[Date "2011.09.11"]
[Round "4.3"]
[White "Torres, Douglas da Silva"]
[Black "Souza, Marcos Valerio"]
[Result "1/2-1/2"]
[WhiteElo "2092"]
[BlackElo "2029"]
[PlyCount "146"]
[EventDate "2011.09.07"]
[EventType "tourn"]
[EventRounds "7"]
[EventCountry "BRA"]
[SourceTitle "EXT 2022"]
[Source "ChessBase"]
[SourceDate "2021.10.06"]
[SourceVersion "1"]
[SourceVersionDate "2021.10.06"]
[SourceQuality "1"]

1. Nf3 Nf6 2. g3 g6 3. Bg2 Bg7 4. 0-0 0-0 5. d3 d5 6. Nbd2 Nbd7 7. e4 e6 8. e5 Ne8 9. Re1 c6 10. Nf1 Qb6 11. d4 f6 12. exf6 Ndxf6 13. c4 Ne4 14. c5 Qd8 15. Be3 b6 16. b4 a5 17. cxb6 axb4 18. b7 Bxb7 19. Qb3 c5 20. dxc5 Bxa1 21. Rxa1 Qa5 22. Bh6 Nxc5 23. Qe3 Rf6 24. Bg5 b3 25. a4 Qb4 26. N1d2 b2 27. Bxf6 Nxf6 28. Rb1 Nfe4 29. Nxe4 dxe4 30. Ne5 Nxa4 31. Bh3 Bd5 32. Ng4 Kg7 33. Qh6+ Kh8 34. Ne5 Qc3 35. Nxg6+ Kg8 36. Ne7+ Kh8 37. Ng6+ Kg8 38. Ne7+ Kf7 39. Nxd5 exd5 40. Qe6+ Kg7 41. Qd7+ Kh8 42. Bf5 Qg7 43. Qxd5 Rf8 44. Qa5 Qc3 45. Qxa4 Rxf5 46. Qa8+ Kg7 47. Qb7+ Rf7 48. Qxb2 Qxb2 49. Rxb2 Kf6 50. Rb5 Rc7 51. h4 Rc2 52. Kf1 Ra2 53. Rh5 Kg6 54. Re5 Ra4 55. Ke2 Kf6 56. Re8 Kf5 57. Rf8+ Ke5 58. f4+ Kd5 59. Rd8+ Ke6 60. Ke3 Ra3+ 61. Kxe4 Rxg3 62. Rh8 Ra3 63. Rxh7 Ra4+ 64. Kf3 Kf5 65. Rh5+ Kf6 66. Rb5 Ra1 67. h5 Rh1 68. Kg2 Rh4 69. Kg3 Rh1 70. Ra5 Rg1+ 71. Kf2 Rh1 72. Rg5 Rh4 73. Ke3 Rh1 1/2-1/2

[Event "Joao Pessoa de Assis Memorial 2nd"]
[Site "Joao Pessoa"]
[Date "2011.09.10"]
[Round "2.4"]
[White "Torres, Douglas da Silva"]
[Black "Patric, David Marcelino"]
[Result "1-0"]
[WhiteElo "2092"]
[BlackElo "1836"]
[PlyCount "83"]
[EventDate "2011.09.07"]
[EventType "tourn"]
[EventRounds "7"]
[EventCountry "BRA"]
[SourceTitle "EXT 2022"]
[Source "ChessBase"]
[SourceDate "2021.10.06"]
[SourceVersion "1"]
[SourceVersionDate "2021.10.06"]
[SourceQuality "1"]

1. c4 Nf6 2. Nc3 e6 3. e4 d6 4. d4 Nbd7 5. f3 c5 6. Nge2 g6 7. Be3 Bg7 8. Qd2 0-0 9. 0-0-0 Rb8 10. dxc5 Ne5 11. Ng3 b5 12. cxb5 d5 13. exd5 exd5 14. Kb1 Be6 15. Bf4 Nfd7 16. Be3 Nf6 17. Bd4 Nc4 18. Bxc4 dxc4 19. Be5 Nd7 20. Bxg7 Kxg7 21. Qd4+ Kg8 22. c6 Nb6 23. Nge4 f5 24. Qxd8 Rbxd8 25. Rxd8 Rxd8 26. Nc5 Bc8 27. Rd1 Rxd1+ 28. Nxd1 Nd5 29. Kc2 Kf7 30. Kd2 f4 31. a4 Ke7 32. Ne4 h6 33. g3 g5 34. gxf4 gxf4 35. Ndc3 Ne3 36. Ke2 Bh3 37. a5 Nc2 38. Nd5+ Kd8 39. Nd6 Nd4+ 40. Kf2 Ne6 41. b6 axb6 42. axb6 1-0